000 00899nmm a2200253 a 4500
001 ocm000700773
003 TR-IsHL
005 20201028134848.0
008 131203s2007 tu tur
007 cr cn
035 _a700773
_b(N$T)
050 0 4 _aKKX3276
_b.E85 2007
090 0 4 _aKKX3276
_b.E85 2007
245 1 0 _aEski eser binaların yapımında yaşanan bürokratik zorluklar
_h[electronic resource] /
_cİstanbul Ticaret Odası
260 _aİstanbul :
_bİstanbul Ticaret Odası,
_c2007
300 _a82 p.
650 4 _aGenel Çalışmalar
650 4 _aGeneral Works
650 0 _aTarihi koruma
_x Bürokrasi
650 0 _aHistoric preservation
_x Bureaucracy
650 7 _aARCHITECTURE / Historic Preservation / General
_2bisacsh
700 1 _aİstanbul Ticaret Odası
856 4 0 _uhttp://search.ebscohost.com/login.aspx?direct=true&scope=site&db=e011xww&AN=700773
999 _c6428
_d6428